[Event "Asuncion Estandar op"]
[Site "Asuncion"]
[Date "2019.01.19"]
[Round "3"]
[White "Cubilla, Rodrigo Antonio"]
[Black "Oviedo Acosta, Paula"]
[Result "1/2-1/2"]
[WhiteElo "1747"]
[BlackElo "1484"]
[PlyCount "50"]
[EventDate "2019.01.18"]
[EventType "swiss"]
[EventRounds "7"]
[EventCountry "PAR"]
[SourceTitle "CBM 188 Extra"]
[Source "ChessBase"]
[SourceDate "2019.02.26"]
[SourceVersion "1"]
[SourceVersionDate "2019.02.26"]
[SourceQuality "1"]

1. e4 c5 2. Nf3 e6 3. d4 cxd4 4. Nxd4 a6 5. Bd3 Bc5 6. Nb3 Be7 7. 0-0 d6 8. c4 Nd7 9. Nc3 Ngf6 10. Kh1 b6 11. f4 Bb7 12. Qe1 e5 13. Nd5 Bxd5 14. exd5 0-0 15. Bd2 Re8 16. Qg3 Bf8 17. fxe5 Nxe5 18. Bc2 Nxc4 19. Bg5 Be7 20. Bxf6 Bxf6 21. Qd3 Ne5 22. Qxh7+ Kf8 23. Nd4 Ke7 24. Rae1 Kd7 25. Qh3+ Kc7 1/2-1/2

[Event "Asuncion Clasificatorio op 4th"]
[Site "Asuncion"]
[Date "2016.07.02"]
[Round "3.2"]
[White "Cubilla, Rodrigo Antonio"]
[Black "Pereira, Sergio1111"]
[Result "0-1"]
[WhiteElo "1744"]
[BlackElo "1930"]
[PlyCount "65"]
[EventDate "2016.07.01"]
[EventType "swiss"]
[EventRounds "7"]
[EventCountry "PAR"]
[SourceTitle "EXT 2023"]
[Source "ChessBase"]
[SourceDate "2022.10.05"]
[SourceVersion "1"]
[SourceVersionDate "2022.10.05"]
[SourceQuality "1"]

1. e4 c5 2. Nf3 d6 3. d4 cxd4 4. Nxd4 Nf6 5. Nc3 a6 6. Bc4 e6 7. Bb3 b5 8. 0-0 Be7 9. Re1 0-0 10. a3 Qc7 11. Qf3 Nc6 12. Nxc6 Qxc6 13. Bf4 Bb7 14. Rad1 a5 15. Qe2 a4 16. Ba2 Ba6 17. Nd5 exd5 18. exd5 Qc7 19. Qxe7 Qxc2 20. Rd2 Qf5 21. Qxd6 Ne4 22. Qb4 Nxd2 23. Qxd2 Rfe8 24. Rd1 Bb7 25. h3 Rad8 26. d6 h6 27. Bg3 Rd7 28. Qd4 Qe4 29. Qxe4 Bxe4 30. f3 Bf5 31. Kf2 Rc8 32. Rd2 Kf8 33. Be5 0-1

[Event "Asuncion op"]
[Site "Asuncion"]
[Date "2014.05.04"]
[Round "6"]
[White "Cubilla, Rodrigo Antonio"]
[Black "Cristaldo, Ulises"]
[Result "1/2-1/2"]
[WhiteElo "1755"]
[BlackElo "1465"]
[PlyCount "81"]
[EventDate "2014.04.30"]
[EventType "swiss"]
[EventRounds "9"]
[EventCountry "PAR"]
[SourceTitle "CBM 160 Extra"]
[Source "ChessBase"]
[SourceDate "2014.07.01"]
[SourceVersion "1"]
[SourceVersionDate "2014.07.01"]
[SourceQuality "1"]

1. e4 e5 2. Nf3 Nc6 3. Bb5 Nf6 4. 0-0 Nxe4 5. Re1 Nd6 6. Bxc6 dxc6 7. Nxe5 Be7 8. d4 0-0 9. Nc3 Nf5 10. Ne2 Re8 11. c3 Bd6 12. Bf4 Be6 13. h3 Ne7 14. Bh2 Ng6 15. f4 Bf8 16. Qc2 Nxe5 17. fxe5 c5 18. Rad1 cxd4 19. cxd4 c6 20. Nf4 Qc8 21. Nxe6 Qxe6 22. a3 a5 23. Rf1 Rec8 24. Rf3 Qd5 25. Rb3 c5 26. Rc3 Rd8 27. Rcd3 cxd4 28. Kh1 Bc5 29. Qe2 h6 30. Qg4 Ra6 31. Qh4 Rg6 32. R1d2 Rd7 33. Qf4 Re7 34. Qf5 Rg5 35. Qc8+ Kh7 36. Bf4 Rg6 37. h4 Qe4 38. Qxc5 Qe1+ 39. Kh2 Qxh4+ 40. Kg1 Qe1+ 41. Kh2 1/2-1/2

[Event "Asuncion op"]
[Site "Asuncion"]
[Date "2014.05.01"]
[Round "3"]
[White "Cubilla, Rodrigo Antonio"]
[Black "Medina de Baets, Vicente Jose"]
[Result "1/2-1/2"]
[WhiteElo "1755"]
[BlackElo "1950"]
[PlyCount "67"]
[EventDate "2014.04.30"]
[EventType "swiss"]
[EventRounds "9"]
[EventCountry "PAR"]
[SourceTitle "CBM 160 Extra"]
[Source "ChessBase"]
[SourceDate "2014.07.01"]
[SourceVersion "1"]
[SourceVersionDate "2014.07.01"]
[SourceQuality "1"]

1. e4 c5 2. Nf3 d6 3. d4 cxd4 4. Nxd4 Nf6 5. Nc3 a6 6. Bg5 Qa5 7. Bd2 Qc5 8. Nb3 Qc7 9. Bd3 g6 10. 0-0 Bg7 11. f4 Bg4 12. Qe1 Nc6 13. h3 Be6 14. f5 gxf5 15. exf5 Bd7 16. Bg5 b5 17. Bxf6 Bxf6 18. Nd5 Qa7+ 19. Kh1 Bxb2 20. Nxe7 Nxe7 21. f6 Be6 22. Rb1 Be5 23. fxe7 Kxe7 24. Be4 Rag8 25. Na5 Bd7 26. Rd1 Qc7 27. Bd5 Rg7 28. Qh4+ f6 29. Rde1 Rg5 30. Qf2 Rf8 31. Nb3 Kd8 32. Nd4 Bg3 33. Qe3 Bxe1 34. Rxe1 1/2-1/2

[Event "Asuncion Clasificatorio op"]
[Site "Asuncion"]
[Date "2013.09.08"]
[Round "6.7"]
[White "Cubilla, Rodrigo Antonio"]
[Black "Rivas, Jose"]
[Result "0-1"]
[WhiteElo "1714"]
[BlackElo "1783"]
[PlyCount "92"]
[EventDate "2013.08.30"]
[EventType "swiss"]
[EventRounds "9"]
[EventCountry "PAR"]
[SourceTitle "EXT 2023"]
[Source "ChessBase"]
[SourceDate "2022.10.05"]
[SourceVersion "1"]
[SourceVersionDate "2022.10.05"]
[SourceQuality "1"]

1. e4 c5 2. Nf3 d6 3. d4 cxd4 4. Nxd4 Nf6 5. Nc3 a6 6. Bg5 e6 7. f4 Be7 8. Qf3 Qc7 9. 0-0-0 Nbd7 10. Kb1 b5 11. Bxf6 Bxf6 12. g4 h6 13. Bg2 Bb7 14. h4 b4 15. Na4 Rc8 16. Qe2 Bxd4 17. Rxd4 a5 18. b3 e5 19. Rc4 Bc6 20. Nb2 Nb6 21. fxe5 Nxc4 22. Nxc4 dxe5 23. Qf2 0-0 24. g5 h5 25. g6 fxg6 26. Qg3 Be8 27. Bh3 Rd8 28. Be6+ Bf7 29. Qxg6 Bxe6 30. Qxe6+ Qf7 31. Qxe5 Qf3 32. Rg1 Rd1+ 33. Rxd1 Qxd1+ 34. Kb2 Rf1 35. Qd5+ Qxd5 36. exd5 Rf4 37. d6 Kf8 38. Ne5 Ke8 39. c4 bxc3+ 40. Kxc3 Rxh4 41. Ng6 Rg4 42. Ne5 Re4 43. Nc4 Rxc4+ 44. Kxc4 h4 45. Kd5 h3 46. Kc6 Kd8 0-1

[Event "Asuncion IRT"]
[Site "Asuncion"]
[Date "2013.05.14"]
[Round "4.2"]
[White "Roman, Rodrigo"]
[Black "Cubilla, Rodrigo Antonio"]
[Result "1-0"]
[WhiteElo "2019"]
[BlackElo "1695"]
[PlyCount "64"]
[EventDate "2013.05.11"]
[EventType "swiss"]
[EventRounds "7"]
[EventCountry "PAR"]
[SourceTitle "EXT 2023"]
[Source "ChessBase"]
[SourceDate "2022.10.05"]
[SourceVersion "1"]
[SourceVersionDate "2022.10.05"]
[SourceQuality "1"]

1. e4 c5 2. Nf3 e6 3. Nc3 a6 4. g3 Nc6 5. Bg2 Nf6 6. 0-0 d6 7. d3 Be7 8. Ng5 0-0 9. f4 h6 10. Nh3 Rb8 11. g4 Nh7 12. Be3 Bf6 13. Qd2 Bd4 14. Nd1 e5 15. f5 Qh4 16. c3 Bxe3+ 17. Nxe3 Ng5 18. Nxg5 Qxg5 19. Qf2 Qd8 20. h4 f6 21. Bf3 b5 22. Rad1 b4 23. Rd2 a5 24. Qg3 Ba6 25. c4 Nd4 26. Bd1 Bc8 27. Rg2 Bd7 28. g5 fxg5 29. hxg5 Qxg5 30. Qh3 Qf6 31. Ng4 Qd8 32. Qh5 Rf7 1-0

[Event "Asuncion IRT"]
[Site "Asuncion"]
[Date "2013.05.12"]
[Round "2.7"]
[White "Quintana, Julio"]
[Black "Cubilla, Rodrigo Antonio"]
[Result "0-1"]
[WhiteElo "1527"]
[BlackElo "1695"]
[PlyCount "104"]
[EventDate "2013.05.11"]
[EventType "swiss"]
[EventRounds "7"]
[EventCountry "PAR"]
[SourceTitle "EXT 2023"]
[Source "ChessBase"]
[SourceDate "2022.10.05"]
[SourceVersion "1"]
[SourceVersionDate "2022.10.05"]
[SourceQuality "1"]

1. e4 c5 2. Nf3 e6 3. Bc4 d5 4. exd5 exd5 5. Bb5+ Bd7 6. Qe2+ Be7 7. 0-0 Nf6 8. Re1 a6 9. Bxd7+ Qxd7 10. d4 Nc6 11. Bg5 0-0 12. c3 Rfe8 13. Nbd2 cxd4 14. Nxd4 Nxd4 15. cxd4 Bb4 16. Qd3 Ne4 17. Be3 Qf5 18. f3 Nd6 19. Qxf5 Nxf5 20. a3 Nxe3 21. axb4 Nc2 22. Rxe8+ Rxe8 23. Rc1 Nxd4 24. Rc7 h5 25. Kf1 Re2 26. Nb1 Rxb2 27. Nc3 Rxb4 28. Nxd5 Rb1+ 29. Kf2 a5 30. Nf4 a4 31. Rc4 a3 32. Rxd4 a2 33. Ra4 a1Q 34. Rxa1 Rxa1 35. Nxh5 Rd1 36. Nf4 b5 37. Ke2 Rd8 38. Nd3 f6 39. h4 Kf7 40. g4 Ke6 41. Nf4+ Ke5 42. Ke3 Rc8 43. Nd3+ Kd5 44. g5 fxg5 45. hxg5 Kc4 46. Ne5+ Kc3 47. f4 b4 48. Ng4 b3 49. Nf2 Re8+ 50. Kf3 Kc2 51. f5 b2 52. Ne4 b1Q 0-1